Első könyvem abécéskönyv a csehszlovákiai magyar tannyelvű általános művelséget nyújtó iskolák előkészítő éfvolyama számára

Bibliographic Details
Main Author: Farkas, István, 1900-1975 (Author)
Other Authors: Horváth, Štefan, 1912-1965 (Illustrator)
Format: Book
Language:Hungarian
PhysicalDescription:123 strán, 6 nečíslovaných listov obrazových príloh farebné ilustrácie, tabuľky 24 cm
Published: Bratislava Slovenské pedagogické nakladateľstvo 1957
Edition:Második, átdolgozott kiadás
Subjects:

MARC

LEADER 00000cam a2200000 4500
001 vtls011892057
003 SK-MaSNL
005 20260301185413.0
008 250312s1957 xo al brp 000 0 hun
015 |a SNBA1957/11 
020 |q (viazané) 
035 |a urn:nbn:sk:snk-am00dewg 
035 |a 9FB78A09-673F-4369-A700-7B30D7C57726 
035 |a urn:nbn:sk:snk-am00dls3 
035 |a urn:nbn:sk:snk-am3hzvz 
035 |a 0DA0BD63-C6B0-4F1F-A0A8-FDC340BD993F 
040 |a SNK  |b slo  |c SNK  |e rda 
041 0 |a hun 
044 |a xo  |c SK 
072 7 |a 373.2/.3  |x Predškolská a primárna výchova a vzdelávanie  |2 konspekt 
072 7 |a 37.016  |x Učebné osnovy. Vyučovacie predmety. Učebnice  |2 konspekt 
080 |a 37.016:028-028.31  |2 2011 
080 |a 37.016:003-028.31  |2 2011 
080 |a (075.2)  |2 2011 
100 1 |a Farkas, István,  |d 1900-1975  |4 aut  |9 225742 
245 1 0 |a Első könyvem abécéskönyv a csehszlovákiai magyar tannyelvű általános művelséget nyújtó iskolák előkészítő éfvolyama számára  |c serző: Farkas István ; illusztrálta: Štefan Horváth 
250 |a Második, átdolgozott kiadás 
264 1 |a Bratislava  |b Slovenské pedagogické nakladateľstvo  |c 1957 
264 3 |a Martin  |b Severoslovenské tlačiarne 
300 |a 123 strán, 6 nečíslovaných listov obrazových príloh  |b farebné ilustrácie, tabuľky  |c 24 cm 
336 |a text  |b txt  |2 rdacontent 
337 |a bez média  |b n  |2 rdamedia 
338 |a zväzok  |b nc  |2 rdacarrier 
366 |e 10000 kusov 
650 0 7 |a čítanie  |2 SNKPH  |9 1654 
650 0 7 |a Reading  |2 SNKPHeng  |9 276976 
650 0 7 |a písanie  |2 SNKPH  |9 1728 
650 0 7 |a Writing  |2 SNKPHeng  |9 302882 
655 7 |a učebnice základných škôl  |2 SNKPH  |9 70187 
655 7 |a Textbooks (elementary)  |2 SNKPHeng  |9 276977 
655 7 |a čítanky  |2 SNKPH  |9 60817 
655 7 |a Readers  |2 SNKPHeng  |9 300493 
700 1 |a Horváth, Štefan,  |d 1912-1965  |4 ill  |9 180384 
852 |a Slovenská národná knižnica 
954 |a odborná, vedecká literatúra cudzojazyčná (svetová)  |2 lita 
958 |a RK 
958 |a TL 
958 |a DB 
958 |a OND 
958 |a UC 
958 |a HU 
999 |c 863813  |d 865743 
952 |a SNK  |b SNK  |y PREZ  |7 0  |p 17A0837197  |o snkSC 10607  |i snkKSP 2455/57  |0 0  |1 0  |4 0  |d 2019-10-08  |f 1  |l 0  |r 2025-07-11 00:00:00  |w 2026-02-24 
952 |a SNK  |b SNK  |y PREZ  |7 0  |p 17A1315425  |o snkSC 10607 príl.  |i snkKSP 2455/57  |z príloha - 6 ks  |0 0  |1 0  |4 0  |d 2019-10-31  |f 1  |l 0  |r 2025-07-11 00:00:00  |w 2026-02-24